000 00326nam a2200133Ia 4500
005 20251222144722.0
008 251222s9999||||xx |||||||||||||| ||spa||
020 _a85-7166-0174-4
082 _a070.509/R36
100 _aReimao, Sandra
245 0 _aMercado Editorial Brasileiro: 1960-1990
264 _bFAPESP
942 _cLIB
999 _c18257
_d18257